Podhájsky prameň noviny občanov v Podhájskej

Bibliographic Details
Format: Journal
Language:Slovak
Published: Podhájska Obecný úrad 2001-2011
Subjects:

MARC

LEADER 00000cas a2200000 a 4500
001 vtls008295415
003 SK-MaSNL
005 20260228155813.0
008 050823d20012011xo mr|p 0 b0slo
040 |a SNK  |b slo  |c SNK  |e AACR2 
041 |a slo 
043 |a e-xo--- 
044 |a xo  |c SK 
072 7 |a 352/354  |x Stupne miestnej, oblastnej a ústrednej správy  |2 konspekt 
072 7 |a 316.7  |x Sociológia kultúry. Kultúrny život  |2 konspekt 
072 7 |a 394  |x Verejný a spoločenský život. Každodenný život  |2 konspekt 
080 |a 353.9  |2 2011 
080 |a 316.728  |2 2011 
080 |a 394  |2 2011 
080 |a (437.614)  |2 2011 
080 |a (051)+(054)  |2 2011 
080 |a 050  |2 2011 
245 0 0 |a Podhájsky prameň  |b noviny občanov v Podhájskej 
260 |a Podhájska  |b Obecný úrad  |c 2001-2011 
300 |a 11 zv.  |c 30 cm 
310 |a 1x mesačne 
362 0 |a 2001-2011 
500 |a Popis podľa: Roč. 4, č. 1 (2004) 
500 |a Registračné č.: 253/2001 
500 |a Redaktori sa menia 
500 |a Podnázov: od č. 10/2007, noviny občanov Podhájskej 
515 |a Niektoré čísla vychádzajú ako dvojčísla, trojčísla 
525 |a V r. 2007 vyšla príloha Podhájska včera a dnes 
650 7 |a územná samospráva  |2 SNKPH  |9 802 
650 7 |a každodenný život  |2 SNKPH  |9 4946 
651 7 |a Nové Zámky (Slovensko : okres)  |2 SNKPHgeo  |9 15958 
655 7 |a miestne periodiká  |2 SNKPH  |9 160938 
910 |a snk 
999 |c 643  |d 643 
952 |0 0  |1 0  |3 Spoločne zviazané r. 2004-2010  |4 0  |7 0  |8 0  |a SNK  |b SNK  |d 2019-11-26  |i snk2019/30527  |l 0  |o snkČSB 7394/4/2004  |p 17A1385258  |r 2026-02-21 22:08:21  |t č. 1-12, neúplné  |w 2026-02-21  |y PREZ  |z Chýba č. 12. ; Spoločne zviazané r. 2004-2010 
952 |0 0  |1 0  |3 Spoločne zviazané r. 2004-2010  |4 0  |7 0  |8 0  |a SNK  |b SNK  |d 2019-11-26  |i snk2019/30527  |l 0  |o snkČSB 7394/5/2005  |p 17A1385257  |r 2026-02-21 22:08:21  |t č. 1-12  |w 2026-02-21  |y PREZ  |z Spoločne zviazané r. 2004-2010 
952 |0 0  |1 0  |3 Spoločne zviazané r. 2004-2010  |4 0  |7 0  |8 0  |a SNK  |b SNK  |d 2019-11-26  |i snk2019/30527  |l 0  |o snkČSB 7394/6/2006  |p 17A1385256  |r 2026-02-21 22:08:21  |t č. 1-12  |w 2026-02-21  |y PREZ  |z Spoločne zviazané r. 2004-2010 
952 |0 0  |1 0  |3 Spoločne zviazané r. 2004-2010  |4 0  |7 0  |8 0  |a SNK  |b SNK  |d 2019-11-26  |i snk2019/30527  |l 0  |o snkČSB 7394/7/2007  |p 17A1385255  |r 2026-02-21 22:08:21  |t č. 1-12 + 1 príl.  |w 2026-02-21  |y PREZ  |z Príl.: Podhájska včera a dnes. ; Spoločne zviazané r. 2004-2010 
952 |0 0  |1 0  |3 Spoločne zviazané r. 2004-2010  |4 0  |7 0  |8 0  |a SNK  |b SNK  |d 2019-11-26  |i snk2019/30527  |l 0  |o snkČSB 7394/8/2008  |p 17A1385254  |r 2026-02-21 22:08:26  |t č. 1-12  |w 2026-02-21  |y PREZ  |z Spoločne zviazané r. 2004-2010 
952 |0 0  |1 0  |3 Spoločne zviazané r. 2004-2010  |4 0  |7 0  |8 0  |a SNK  |b SNK  |d 2019-11-26  |i snk2019/30527  |l 0  |o snkČSB 7394/9/2009  |p 17A1385253  |r 2026-02-21 22:08:26  |t č. 1-12  |w 2026-02-21  |y PREZ  |z Spoločne zviazané r. 2004-2010 
952 |0 0  |1 0  |3 Spoločne zviazané r. 2004-2010  |4 0  |7 0  |8 0  |a SNK  |b SNK  |d 2019-11-26  |i snk2019/30527  |l 0  |o snkČSB 7394/10/2010  |p 17A1385252  |r 2026-02-21 22:08:26  |t č. 1-12  |w 2026-02-21  |y PREZ  |z Spoločne zviazané r. 2004-2010 
952 |0 0  |1 0  |4 0  |7 0  |8 0  |a SNK  |b SNK  |d 2019-11-26  |i snk2019/30527  |l 0  |o snkČSB 7394/11/2011  |p 17A1385251  |r 2026-02-21 22:08:26  |t č. 1-3  |w 2026-02-21  |y PREZ